Pensamientos políticos y memorias sobre población del Nuevo Reino de Granada / (Registro nro. 5426)

Detalles MARC
000 -LEADER
fixed length control field 01077nam a2200229Ia 4500
003 - CONTROL NUMBER IDENTIFIER
control field OSt
005 - DATE AND TIME OF LATEST TRANSACTION
control field 20200715164933.0
008 - FIXED-LENGTH DATA ELEMENTS--GENERAL INFORMATION
fixed length control field 191128s1953 ck gr 000 0 spa d
040 ## - CATALOGING SOURCE
Original cataloging agency CO-JMCR
Transcribing agency CO-JMCR
041 0# - LANGUAGE CODE
Language code of text/sound track or separate title spa
082 04 - DEWEY DECIMAL CLASSIFICATION NUMBER
Classification number 330.9861 /
Item number F359p
Edition number 23
100 1# - MAIN ENTRY--PERSONAL NAME
Personal name Fermin de Vargas, Pedro,
Relator term autor
9 (RLIN) 7350
245 10 - TITLE STATEMENT
Title Pensamientos políticos y memorias sobre población del Nuevo Reino de Granada /
Statement of responsibility, etc. Pedro Fermin de Vargas
260 ## - PUBLICATION, DISTRIBUTION, ETC.
Place of publication, distribution, etc. Bogotá :
Name of publisher, distributor, etc. Banco de la República,
Date of publication, distribution, etc. 1953.
300 ## - PHYSICAL DESCRIPTION
Extent 162 páginas ;
Dimensions 22 cm.
490 0# - SERIES STATEMENT
Series statement Archivos de la Economía Nacional ;
Volume/sequential designation 10
500 ## - GENERAL NOTE
General note Texto en la portada : Copia hecha sobre los manuscritos originales de la Biblioteca Nacional de Bogotá, por Manuel José Forero
505 0# - FORMATTED CONTENTS NOTE
Formatted contents note Agricultura -- Medios de perfeccionar la agricultura en el reino -- Comercio -- Camino de Carare -- Camino de San Faustino -- Camino de Sogamoso -- Ramos de comercio -- Lanas -- Algodón -- Lino y cáñamo
650 14 - SUBJECT ADDED ENTRY--TOPICAL TERM
Topical term or geographic name entry element Historia económica
Chronological subdivision Siglo XVIII
9 (RLIN) 7351
650 24 - SUBJECT ADDED ENTRY--TOPICAL TERM
Topical term or geographic name entry element Comercio
General subdivision Historia
Geographic subdivision Colombia
9 (RLIN) 7352
942 ## - ADDED ENTRY ELEMENTS (KOHA)
Source of classification or shelving scheme Dewey Decimal Classification
Koha item type Books
Existencias
Withdrawn status Lost status Source of classification or shelving scheme Materials specified (bound volume or other part) Damaged status Not for loan Home library Current library Shelving location Date acquired Source of acquisition Full call number Barcode Date last seen Copy number Price effective from Koha item type
    Dewey Decimal Classification Donación--15/04/2018--     Biblioteca Pública José María del Castillo y Rada Biblioteca Pública José María del Castillo y Rada General Stacks 11/28/2019 Donación 330.9861 / F359p 430001894 05/16/2024 Ej.1 11/28/2019 Books